[Event "LXXV Campeonato Brasileiro Ind"]
[Site "Americana"]
[Date "2009.12.11"]
[Round "11.6"]
[White "Diamant, Andre"]
[Black "Leitao, Rafael"]
[Result "1/2-1/2"]
[WhiteElo "2493"]
[BlackElo "2621"]
[PlyCount "50"]
[EventDate "2009.12.02"]

1. e4 c5 2. Nf3 d6 3. d4 cxd4 4. Nxd4 Nf6 5. Nc3 a6 6. Be3 e5 7. Nf3 Be7 8. Bc4
O-O 9. h3 Be6 10. Bb3 Nc6 11. O-O Na5 12. Qe2 Nxb3 13. axb3 h6 14. Rfd1 Qc7 15.
Nh2 Qc6 16. Qf3 b5 17. Rd2 b4 18. Nd5 Bxd5 19. exd5 Qd7 20. Ra4 a5 21. Bb6 Qb5
22. Be3 Nd7 23. Qh5 Nf6 24. Qf3 Nd7 25. Qh5 Nf6 1/2-1/2